000 00852cam a2200277 4500
008 090401t1989 xxu||||| |||| 00| 0 eng d
020 _a0860173038
035 _a(Sirsi) u50140
041 _aeng
050 _a627.17
100 _aSimpson, B.
245 4 _aThe engineering implications of rising groundwater levels in the deep aquifer beneath London
260 _aLondon
_bConstruction Industry Research and Infor
_c1989
300 _a116p., 18 folded leaves of plates : ill.,maps ; 30cm.
350 _a25
490 _aCIRIA Special Publication
_v69
650 _aFLOODING
650 _aBUILT ENVIRONMENT-BUILDING ELEMENTS-COMPLETE BUILDING ELEMENTS-FOUNDATIONS
650 _aTUNNELS
650 _aWATER TABLE
700 _aBlower, T.
700 _aCraig, R.N.
700 _aWilkinson, W.B.
942 _n0
948 _c04/03/1997
999 _c92668
_d92668